Zdanenie príjmov fyzickej osoby z prevodu účasti v spoločnosti

Účasť fyzickej osoby ako spoločníka na spoločnosti s ručením obmedzením vzniká odo dňa vzniku spoločnosti alebo prevodom obchodného podielu od inej fyzickej osoby počas existencie spoločnosti. Pojem obchodný podiel a nakladanie s ním. Ilustračné príklady.

Gespeichert in:
Bibliographische Detailangaben
1. Verfasser: Boráková, Marta
Format: Buchkapitel
Sprache:Slowakisch
Schlagworte:
Tags: Tag hinzufügen
Keine Tags, Fügen Sie das erste Tag hinzu!

MARC

LEADER 00000naa a2200000 4500
001 0220813
005 20231208091630.7
041 0 |a slo 
044 |a SK 
245 1 0 |a Zdanenie príjmov fyzickej osoby z prevodu účasti v spoločnosti  |c Marta Boráková 
520 |a Účasť fyzickej osoby ako spoločníka na spoločnosti s ručením obmedzením vzniká odo dňa vzniku spoločnosti alebo prevodom obchodného podielu od inej fyzickej osoby počas existencie spoločnosti. Pojem obchodný podiel a nakladanie s ním. Ilustračné príklady. 
610 2 0 |a zdaňovanie 
610 2 0 |a osoby fyzické 
610 2 0 |a spoločnosti s r.o. 
610 2 0 |a podiely obchodné 
610 2 0 |a právo obchodné 
100 1 |a Boráková, Marta